| 000 | 00762nam a2200241 i 4500 | ||
|---|---|---|---|
| 001 | 41574 | ||
| 003 | ES-MaACL | ||
| 005 | 20250812073930.0 | ||
| 007 | t| | ||
| 008 | 030311s1964 sp ||||1| spa d | ||
| 080 | _a7:5(04) | ||
| 100 | 1 |
_aCassidy, Harold Gomes. _936348 |
|
| 245 | 1 | 4 |
_aLas ciencias y las artes / _cHarold Gomes Cassidy ; [traductor Manuel de la Escalera]. |
| 260 |
_aMadrid : _bTaurus, _c[1964] |
||
| 300 |
_a229 p., 2 lám. : _bil. ; _c22 cm. |
||
| 490 | 1 |
_aEnsayistas de hoy ; _v38 |
|
| 650 | 7 |
_aArte y ciencia _2embne _910329 |
|
| 700 | 0 |
_aEscalera, Manuel de la, _d1895-1994 _947481 |
|
| 830 | 1 |
_aEnsayistas de hoy ; _v38 _9180849 |
|
| 852 |
_aES-MaACL _jC-27009 |
||
| 852 |
_aES-MaACL _jC-27070 |
||
| 999 |
_c41574 _d41574 |
||